Základné súvislosti prognózy hrubého domáceho produktu Slovenskej republiky do roku 2010

Salvato in:
Dettagli Bibliografici
Autore principale: Prachár, Ivan
Natura: Libro
Lingua:slovacco
Pubblicazione: Bratislava Prognostický ústav SAV 2002
Serie:Pracovné materiály č. 1
Soggetti:
Tags: Aggiungi Tag
Nessun Tag, puoi essere il primo ad aggiungerne!!

MARC

LEADER 00000nam a2200000 4500
001 c133666
005 20221124094924.5
041 0 |a slo 
044 |a SK 
245 1 0 |a Základné súvislosti prognózy hrubého domáceho produktu Slovenskej republiky do roku 2010  |c Ivan Prachár 
264 1 |a Bratislava  |b Prognostický ústav SAV  |c 2002 
300 |a 46 s. 
490 1 |a Pracovné materiály  |v č. 1 
830 0 |a Pracovné materiály  |v č. 1 
610 2 0 |a produkt domáci hrubý 
610 2 0 |a prognózy 
610 2 0 |a Slovensko 
100 1 |a Prachár, Ivan